| 000 | 00579cam a2200217 a 4500 | ||
|---|---|---|---|
| 001 | sa 64008626 | ||
| 003 | DLC | ||
| 005 | 20260227112055.0 | ||
| 008 | 840806s1955 pk 000 f urdo | ||
| 010 | _asa 64008626 | ||
| 040 |
_aDLC _cDLC |
||
| 050 | 0 | 0 |
_aPK2199.A285 _bT3 1955 |
| 100 | 0 |
_aAe. Ār. K̲h̲ātūn, _d1900-1965. |
|
| 245 | 1 | 0 |
_aTaṣvīr / _cAe. Ār. K̲h̲ātūn. |
| 250 | _a4. aiḍīshan. | ||
| 260 |
_aLāhaur : _bGoshah-yi Adab, _c1955. |
||
| 300 |
_a302 p. ; _c19 cm. |
||
| 500 | _aNovel. | ||
| 546 | _aIn Urdu. | ||
| 500 | _aOriginally published: 1947. | ||
| 999 |
_c60941 _d60941 |
||